000 00203nam a22000857a 4500
001 1236354
005 20251001163043.0
245 _aKÜÇÜCEK
_cMÜSLİM ÇELİK
260 _bGÜNIŞIĞI KİTAPLIĞI YAYINLARI
999 _c1236354
_d1236354